[Event "Bad Woerishofen Sen"]
[Site "Bad Woerishofen"]
[Date "2001.??.??"]
[Round "4"]
[White "Krueger, Manfred"]
[Black "Meyts, Jozef"]
[Result "1/2-1/2"]
[WhiteElo "1700"]
[BlackElo "1700"]
[Annotator "ChessOrg"]
[PlyCount "172"]
[EventDate "1998.03.05"]
[Source "ChessBase"]
[SourceDate "1998.04.29"]

1. e4 c5 2. Nf3 Nc6 3. d4 cxd4 4. Nxd4 Nf6 5. Nc3 e6 6. a3 Qa5 7. Nb3 Qd8 8.
Bf4 a6 9. Be2 e5 10. Bg3 h5 11. Bh4 Be7 12. Bxf6 Bxf6 13. Bxh5 d6 14. Nd5 Bg5
15. Qf3 g6 16. Bg4 Bxg4 17. Qxg4 Rh4 18. Qf3 a5 19. a4 Rc8 20. g3 Rh5 21. h4
Be7 22. O-O-O f5 23. Nxe7 Qxe7 24. exf5 Rxf5 25. Qd3 Rd8 26. Qd5 Qf7 27. Nxa5
Qxd5 28. Rxd5 Rxf2 29. Nxb7 Rd7 30. Nxd6+ Rxd6 31. Rxd6 Nd4 32. c3 Nb3+ 33. Kb1
Ke7 34. Rxg6 e4 35. Ka2 Nc5 36. Re1 Kf7 37. Rb6 Nxa4 38. Rb7+ Kf6 39. Rxe4
Nxc3+ 40. Ka3 Nxe4 41. Rb6+ Ke5 42. Rb3 Rg2 43. Rb5+ Ke6 44. Rb6+ Nd6 45. b4
Rxg3+ 46. Ka4 Ke5 47. Rb8 Rg7 48. Rh8 Ke6 49. Ka5 Rb7 50. Rh6+ Kd5 51. Rh5+ Ke6
52. b5 Nc4+ 53. Ka6 Rb8 54. Rh6+ Kd5 55. b6 Nd6 56. Ka7 Rb7+ 57. Ka6 Rd7 58.
Rh8 Kc6 59. Rh6 Rd8 60. Ka7 Rd7+ 61. Ka6 Rd8 62. b7 Kc7 63. Rh7+ Kb8 64. Kb6
Nc4+ 65. Kc6 Ne5+ 66. Kb6 Rd6+ 67. Kc5 Rd8 68. h5 Nd7+ 69. Kc6 Ne5+ 70. Kc5
Nd3+ 71. Kb5 Ka7 72. Kc6 Kb8 73. h6 Ne5+ 74. Kc5 Nd7+ 75. Kc6 Ne5+ 76. Kb5 Ka7
77. Rc7 Rh8 78. h7 Ng6 79. Kc6 Ne5+ 80. Kd5 Ng6 81. Ke6 Rf8 82. Rc8 Kxb7 83.
Rc1 Rh8 84. Rh1 Kc7 85. Kf6 Nf8 86. Kg7 Rxh7+ 1/2-1/2

[Event "Bad Woerishofen Sen"]
[Site "Bad Woerishofen"]
[Date "2001.??.??"]
[Round "9"]
[White "Krueger, Manfred"]
[Black "Girod, Gudrun"]
[Result "1-0"]
[WhiteElo "1700"]
[BlackElo "1385"]
[Annotator "ChessOrg"]
[PlyCount "99"]
[EventDate "1998.03.05"]
[Source "ChessBase"]
[SourceDate "1998.04.29"]

1. e4 e5 2. Nf3 Nc6 3. Bb5 d6 4. h3 Bd7 5. c3 a6 6. Ba4 Be7 7. b4 Nf6 8. Bc2 d5
9. d3 dxe4 10. dxe4 O-O 11. a3 Be6 12. Nbd2 b5 13. O-O a5 14. Bb2 a4 15. Qe2
Qb8 16. Bd3 Na7 17. c4 c5 18. Bxe5 Qb6 19. bxc5 Qxc5 20. Bd4 Qc7 21. Bxa7 Rxa7
22. cxb5 Qb6 23. e5 Nd5 24. Qe4 g6 25. g3 f5 26. Qe1 f4 27. g4 Nc3 28. Bc4 Nd5
29. Qe4 Rd7 30. Qc2 Kg7 31. Qxa4 Nc7 32. Bxe6 Nxe6 33. Nc4 Qb7 34. Ncd2 Qb6 35.
Rac1 Nc5 36. Qc2 Rfd8 37. Ne4 Nxe4 38. Qxe4 Qxb5 39. Qxf4 Rf8 40. Qe4 Rd3 41.
Nd4 Qa6 42. Nc6 Qxa3 43. Ra1 Rg3+ 44. fxg3 Qxg3+ 45. Qg2 Qe3+ 46. Kh1 Bc5 47.
Rxf8 Bxf8 48. Rf1 Bc5 49. Nd8 Qxe5 50. g5 1-0

[Event "Bad Woerishofen Sen"]
[Site "Bad Woerishofen"]
[Date "2001.??.??"]
[Round "2"]
[White "Kuhnert, Werner"]
[Black "Wunderer, Eckart"]
[Result "0-1"]
[WhiteElo "1116"]
[BlackElo "2139"]
[Annotator "ChessOrg"]
[PlyCount "82"]
[EventDate "1998.03.05"]
[Source "ChessBase"]
[SourceDate "1998.04.29"]

1. e4 d6 2. d4 Nf6 3. Nc3 c6 4. Be2 Nbd7 5. Nf3 e5 6. Be3 Be7 7. O-O O-O 8. Qd2
Ng4 9. Bg5 Bxg5 10. Nxg5 exd4 11. Nd1 Nh6 12. f4 Qb6 13. Nf2 Nf6 14. Kh1 Nhg4
15. Nxg4 Bxg4 16. h3 Bxe2 17. Qxe2 h6 18. Nf3 Nh5 19. Qf2 c5 20. Qh4 Nf6 21. g4
Nxe4 22. g5 Qd8 23. Rg1 hxg5 24. Nxg5 Nxg5 25. Rxg5 f6 26. Rg6 Qe7 27. Rag1
Qe4+ 28. R1g2 Rf7 29. Qh6 Qe7 30. f5 Re8 31. Kh2 c4 32. R2g4 d3 33. cxd3 cxd3
34. Rg2 Rc8 35. Qd2 Qe5+ 36. Kh1 Qxf5 37. Qh6 Rcc7 38. Kh2 Qe5+ 39. R2g3 Rc2+
40. Kh1 Qe4+ 41. Rg2 Rxg2 0-1

[Event "Bad Woerishofen Sen"]
[Site "Bad Woerishofen"]
[Date "2001.??.??"]
[Round "4"]
[White "Kuhnert, Werner"]
[Black "Gmeinwieser, Helmut"]
[Result "0-1"]
[WhiteElo "1110"]
[BlackElo "1687"]
[Annotator "ChessOrg"]
[PlyCount "74"]
[EventDate "1998.03.05"]
[Source "ChessBase"]
[SourceDate "1998.04.29"]

1. e4 d5 2. exd5 Qxd5 3. Nc3 Qa5 4. Bc4 Nf6 5. Nf3 Bg4 6. Qe2 c6 7. Qe5 Qd8 8.
O-O Bxf3 9. gxf3 Nbd7 10. Qe3 e6 11. Ne4 Be7 12. d3 O-O 13. Kh1 Ne5 14. Bb3 Ng6
15. Rg1 Nh5 16. Ng5 Nhf4 17. Ne4 Qc7 18. Rg3 b6 19. Bd2 Rad8 20. Rag1 Qd7 21.
Rg4 e5 22. Bc3 Nd5 23. Qd2 f5 24. Rxg6 hxg6 25. Rxg6 fxe4 26. Bxe5 Bf6 27. Bxf6
Rxf6 28. Rxf6 gxf6 29. fxe4 Kh7 30. exd5 Rg8 31. Qf4 Rg6 32. Qh4+ Kg7 33. c4
cxd5 34. cxd5 Qf5 35. Qe4 Qxf2 36. Qxg6+ Kxg6 37. d6 Qf1# 0-1

[Event "Bad Woerishofen Sen"]
[Site "Bad Woerishofen"]
[Date "2001.??.??"]
[Round "6"]
[White "Kuhnert, Werner"]
[Black "Schneider, Miloca"]
[Result "0-1"]
[WhiteElo "1116"]
[BlackElo "1723"]
[Annotator "ChessOrg"]
[PlyCount "107"]
[EventDate "1998.03.05"]
[Source "ChessBase"]
[SourceDate "1998.04.29"]

1. e4 d5 2. exd5 Qxd5 3. Nc3 Qa5 4. d4 c6 5. Bd2 Qc7 6. Be2 Nf6 7. Nf3 Bg4 8.
Ne5 Bxe2 9. Qxe2 e6 10. Nf3 Nbd7 11. O-O-O O-O-O 12. a3 Bd6 13. h3 h6 14. Ne4
Nxe4 15. Qxe4 g5 16. g3 Rhf8 17. Qd3 f5 18. Rdf1 Nf6 19. Ng1 Ne4 20. Be3 Qa5
21. Ne2 b5 22. Bd2 Nxd2 23. Qxd2 b4 24. Kb1 Rfe8 25. Nc1 Qa6 26. Qd3 Qb6 27. a4
a5 28. Nb3 Rd7 29. Qc4 Rde7 30. Re1 Kb7 31. Re2 e5 32. d5 c5 33. Rhe1 e4 34.
Rf1 Rc8 35. f3 Qa6 36. Qxa6+ Kxa6 37. f4 gxf4 38. gxf4 Rg7 39. Re3 Rg2 40. Nc1
c4 41. b3 h5 42. Re2 Rg3 43. Na2 Rcg8 44. Rh1 Rd3 45. Nc1 Rxd5 46. c3 bxc3 47.
bxc4 Rd4 48. Kc2 Rxc4 49. Rd1 Bxf4 50. Nb3 Be5 51. Rd5 Bh8 52. Nc5+ Ka7 53. Nd7
Bd4 54. Ne5 0-1

[Event "Bad Woerishofen Sen"]
[Site "Bad Woerishofen"]
[Date "2001.??.??"]
[Round "8"]
[White "Kuhnert, Werner"]
[Black "Aufmwasser, Guenter"]
[Result "0-1"]
[WhiteElo "1116"]
[BlackElo "1681"]
[Annotator "ChessOrg"]
[PlyCount "74"]
[EventDate "1998.03.05"]
[Source "ChessBase"]
[SourceDate "1998.04.29"]

1. e4 e5 2. Nf3 f5 3. Nc3 fxe4 4. Nxe4 Nf6 5. d3 Nc6 6. Be2 d5 7. Ng3 Bd7 8. c3
Qe7 9. O-O O-O-O 10. Re1 h6 11. Be3 g5 12. Nd2 Qh7 13. d4 e4 14. Nh5 Be7 15.
Nxf6 Bxf6 16. Bh5 Rdg8 17. g3 g4 18. c4 Nxd4 19. Rb1 Nf3+ 20. Nxf3 gxf3 21.
Qxd5 Rg5 22. Qf7 Qf5 23. Qd5 Qh3 24. Bxf3 Rxd5 25. Bg2 Qh5 26. cxd5 Re8 27. b3
Bg4 28. Rbc1 Bg5 29. Rc4 Bxe3 30. fxe3 Bf3 31. Bf1 Qg5 32. Bg2 h5 33. Rec1
Qxe3+ 34. Kh1 Bxg2+ 35. Kxg2 Qb6 36. Rd1 e3 37. Kf1 e2+ 0-1

[Event "Bad Woerishofen Sen"]
[Site "Bad Woerishofen"]
[Date "2001.??.??"]
[Round "3"]
[White "Kuehn, Peter"]
[Black "Gensbauer, Viktor"]
[Result "1/2-1/2"]
[WhiteElo "2003"]
[BlackElo "1778"]
[Annotator "ChessOrg"]
[PlyCount "65"]
[EventDate "1998.03.05"]
[Source "ChessBase"]
[SourceDate "1998.04.29"]

1. e4 c6 2. d4 d5 3. f3 dxe4 4. fxe4 e5 5. Nf3 Bg4 6. Bc4 Bh5 7. c3 Be7 8. O-O
Nf6 9. Re1 O-O 10. h3 Bxf3 11. Qxf3 exd4 12. e5 Nd5 13. Bxd5 Qxd5 14. Qxd5 cxd5
15. cxd4 Nc6 16. Be3 Rfc8 17. a3 Bh4 18. Re2 Ne7 19. Nc3 Rc6 20. Rf1 h6 21. Kh2
a6 22. Bf2 Bxf2 23. Rexf2 Rf8 24. Ne2 Rc2 25. Nf4 Rxf2 26. Rxf2 Rc8 27. e6 f6
28. g4 Rc4 29. Rd2 b6 30. Ne2 Rc6 31. Nf4 g5 32. Nh5 Rxe6 33. Rf2 1/2-1/2

[Event "Bad Woerishofen Sen"]
[Site "Bad Woerishofen"]
[Date "2001.??.??"]
[Round "5"]
[White "Kuehn, Peter"]
[Black "Wulf, Adalbert"]
[Result "1/2-1/2"]
[WhiteElo "2003"]
[BlackElo "1787"]
[Annotator "ChessOrg"]
[PlyCount "77"]
[EventDate "1998.03.05"]
[Source "ChessBase"]
[SourceDate "1998.04.29"]

1. e4 d5 2. exd5 Nf6 3. d4 Nxd5 4. c4 Nf6 5. Nf3 e6 6. Be2 Be7 7. Nc3 O-O 8.
O-O Nbd7 9. h3 c5 10. Be3 cxd4 11. Nxd4 a6 12. Qc2 Qc7 13. Rac1 b6 14. Bf3 Bb7
15. Bxb7 Qxb7 16. b3 Rac8 17. Qe2 Rfe8 18. Rfd1 Bb4 19. Nb1 Bf8 20. a3 g6 21.
b4 Bg7 22. Nc3 e5 23. Nf3 Rc7 24. Nd5 Nxd5 25. Rxd5 b5 26. Rdd1 bxc4 27. Rxc4
Qb5 28. Rc2 Qxe2 29. Rxe2 e4 30. Ne1 Nf8 31. Rd6 Re6 32. Rxe6 Nxe6 33. Rc2 f5
34. Bb6 Rc3 35. Rxc3 Bxc3 36. Nc2 Kf7 37. Kf1 Ke7 38. g3 Kd6 39. Be3 1/2-1/2

[Event "Bad Woerishofen Sen"]
[Site "Bad Woerishofen"]
[Date "2001.??.??"]
[Round "7"]
[White "Kuehn, Peter"]
[Black "Wolf, Alfred"]
[Result "1/2-1/2"]
[WhiteElo "2003"]
[BlackElo "1762"]
[Annotator "ChessOrg"]
[PlyCount "111"]
[EventDate "1998.03.05"]
[Source "ChessBase"]
[SourceDate "1998.04.29"]

1. e4 c6 2. d4 d5 3. f3 dxe4 4. fxe4 e5 5. Nf3 exd4 6. Bc4 Be6 7. Bxe6 fxe6 8.
Qxd4 Qxd4 9. Nxd4 e5 10. Ne6 Na6 11. Nxf8 Kxf8 12. O-O+ Nf6 13. Bg5 Ke7 14. Nd2
h6 15. Bxf6+ gxf6 16. Rf2 Rhg8 17. c3 Nc5 18. Raf1 Rg6 19. Rf3 Rd8 20. R1f2 Nd3
21. Re2 Nf4 22. Ref2 Rdg8 23. Rg3 Rxg3 24. hxg3 Rxg3 25. Kh2 Rd3 26. Nf1 Ne6
27. Ng3 Ng7 28. Nf1 Ke6 29. Rd2 Rxd2 30. Nxd2 f5 31. exf5+ Nxf5 32. Kg1 Kd5 33.
Kf2 e4 34. Ke2 h5 35. Nb3 b6 36. Nd2 a5 37. Nf1 b5 38. b3 c5 39. Nd2 b4 40.
cxb4 axb4 41. Nc4 Kd4 42. Nb6 h4 43. Nd7 Ng3+ 44. Ke1 e3 45. Nf8 c4 46. bxc4
Kxc4 47. Ne6 Kc3 48. Nf4 e2 49. Nd5+ Kc4 50. Ne3+ Kb5 51. Nd5 Kc5 52. Ne3 Ne4
53. Kxe2 Nc3+ 54. Kf3 Nxa2 55. Nd1 Nc3 56. Nb2 1/2-1/2

[Event "Bad Woerishofen Sen"]
[Site "Bad Woerishofen"]
[Date "2001.??.??"]
[Round "9"]
[White "Kuehn, Peter"]
[Black "Krasinski, Jerzy"]
[Result "0-1"]
[WhiteElo "2003"]
[BlackElo "2200"]
[Annotator "ChessOrg"]
[PlyCount "82"]
[EventDate "1998.03.05"]
[Source "ChessBase"]
[SourceDate "1998.04.29"]

1. e4 c5 2. Nf3 d6 3. d4 cxd4 4. Nxd4 Nf6 5. Nc3 a6 6. Be2 e6 7. Be3 Be7 8. O-O
O-O 9. Qe1 Nbd7 10. f4 Nc5 11. Bf3 e5 12. Nb3 exf4 13. Bxf4 Qc7 14. Rd1 Nxb3
15. axb3 Be6 16. Kh1 Nd7 17. Rd2 Ne5 18. Nd5 Bxd5 19. exd5 Bf6 20. Qg3 Rad8 21.
c4 Qb6 22. Bd1 Ng6 23. Be3 Qb4 24. Rxf6 gxf6 25. Bh6 Rfe8 26. h3 Qc5 27. Bc2
Re5 28. Kh2 Rde8 29. Qf2 Qxf2 30. Rxf2 Re2 31. Rxe2 Rxe2 32. Bxg6 fxg6 33. Bf4
Rxb2 34. Bxd6 Rxb3 35. c5 Kf7 36. Bc7 Rc3 37. Bb6 Ke8 38. Kg1 Kd7 39. Kf2 Rd3
40. d6 Rc3 41. Ke2 Ra3 0-1

[Event "Bad Woerishofen Sen"]
[Site "Bad Woerishofen"]
[Date "2001.??.??"]
[Round "1"]
[White "Koenigl, Anton"]
[Black "Krasinski, Jerzy"]
[Result "1/2-1/2"]
[WhiteElo "1741"]
[BlackElo "2200"]
[Annotator "ChessOrg"]
[PlyCount "116"]
[EventDate "1998.03.05"]
[Source "ChessBase"]
[SourceDate "1998.04.29"]

1. Nf3 c5 2. e4 d6 3. d4 cxd4 4. Nxd4 Nf6 5. Nc3 a6 6. Be2 e6 7. O-O Be7 8. Be3
Qc7 9. Qd2 Nbd7 10. Rad1 b5 11. Bxb5 axb5 12. Ndxb5 Qc6 13. Nxd6+ Bxd6 14. Qxd6
Qxd6 15. Rxd6 O-O 16. f3 Ne5 17. b3 Bb7 18. Rf2 h6 19. a4 Rfc8 20. Nb5 Ne8 21.
Rd1 Ba6 22. Na3 Nc6 23. Bb6 Rcb8 24. a5 Bb7 25. Nc4 Ba6 26. Nb2 Kh7 27. Rfd2
Kg6 28. Kf2 h5 29. h4 e5 30. c3 Bc8 31. b4 Be6 32. Nd3 Bb3 33. Re1 Bc4 34. Nc5
Rc8 35. Nd7 Nf6 36. Rd6 Be6 37. Nc5 Ne8 38. Rd2 Bc4 39. Red1 Nc7 40. Rd6+ Ne6
41. Nd7 f6 42. Be3 Ncd8 43. Nb6 Nf7 44. Nxc8 Rxc8 45. Rb6 Nf4 46. Ra1 Nd8 47.
Bd2 Nde6 48. a6 Rd8 49. Be3 Rd3 50. Rc1 Rd8 51. Ra1 Rd3 52. Rxe6 Nxe6 53. a7
Nc7 54. a8=Q Nxa8 55. Rxa8 Rxc3 56. Rc8 Rc2+ 57. Kg3 Bd3 58. Rxc2 Bxc2 1/2-1/2

[Event "Bad Woerishofen Sen"]
[Site "Bad Woerishofen"]
[Date "2001.??.??"]
[Round "3"]
[White "Koenigl, Anton"]
[Black "Nefzger, Franz"]
[Result "1-0"]
[WhiteElo "1741"]
[BlackElo "1653"]
[Annotator "ChessOrg"]
[PlyCount "113"]
[EventDate "1998.03.05"]
[Source "ChessBase"]
[SourceDate "1998.04.29"]

1. e4 e6 2. d4 d5 3. Nd2 Nf6 4. e5 Nfd7 5. Bd3 c5 6. c3 Nc6 7. Ne2 Qb6 8. Nf3
cxd4 9. cxd4 Bb4+ 10. Bd2 Bxd2+ 11. Qxd2 Qb4 12. Qc3 Qxc3+ 13. Nxc3 a6 14. Rc1
Nb6 15. O-O Bd7 16. a3 Na5 17. Nd2 Rc8 18. b4 Nac4 19. Nxc4 Nxc4 20. Bxc4 Rxc4
21. Ne4 Rxc1 22. Nd6+ Ke7 23. Rxc1 Rb8 24. Rc7 Kd8 25. Rxb7 Rxb7 26. Nxb7+ Kc7
27. Nc5 Bb5 28. Nb3 Bc4 29. Nd2 Bb5 30. Nb1 h6 31. h4 f6 32. exf6 gxf6 33. Nc3
Kd6 34. f4 e5 35. fxe5+ fxe5 36. g4 exd4 37. Nxb5+ axb5 38. Kf2 Ke5 39. Kf3 d3
40. Ke3 d2 41. Kxd2 Kf4 42. g5 hxg5 43. hxg5 Kxg5 44. Ke3 Kf5 45. Kd4 Ke6 46.
Kc5 Ke5 47. Kxb5 Ke4 48. a4 d4 49. a5 d3 50. a6 d2 51. a7 d1=Q 52. a8=Q+ Ke5
53. Qe8+ Kf6 54. Qc6+ Ke7 55. Kb6 Kd8 56. Kb7 Qg4 57. Qc7+ 1-0

[Event "Bad Woerishofen Sen"]
[Site "Bad Woerishofen"]
[Date "2001.??.??"]
[Round "5"]
[White "Koenigl, Anton"]
[Black "Moeckel, Edgar"]
[Result "1/2-1/2"]
[WhiteElo "1741"]
[BlackElo "2087"]
[Annotator "ChessOrg"]
[PlyCount "39"]
[EventDate "1998.03.05"]
[Source "ChessBase"]
[SourceDate "1998.04.29"]

1. e4 c6 2. d4 d5 3. Nd2 dxe4 4. Nxe4 Bf5 5. Ng3 Bg6 6. Nf3 e6 7. Bd3 Bxd3 8.
Qxd3 Nf6 9. O-O Nbd7 10. Re1 Be7 11. c3 O-O 12. Qe2 Re8 13. Bg5 h6 14. Bd2 Qc7
15. Rad1 Rad8 16. Ne5 c5 17. Nxd7 Nxd7 18. dxc5 Bxc5 19. Ne4 Be7 20. Be3
1/2-1/2

[Event "Bad Woerishofen Sen"]
[Site "Bad Woerishofen"]
[Date "2001.??.??"]
[Round "7"]
[White "Koenigl, Anton"]
[Black "Bareth, Walter"]
[Result "1/2-1/2"]
[WhiteElo "1741"]
[BlackElo "1876"]
[Annotator "ChessOrg"]
[PlyCount "38"]
[EventDate "1998.03.05"]
[Source "ChessBase"]
[SourceDate "1998.04.29"]

1. e4 e6 2. d4 d5 3. Nc3 dxe4 4. Nxe4 Bd7 5. Nf3 Bc6 6. Ng3 Nd7 7. Be2 Ngf6 8.
O-O Be7 9. Re1 O-O 10. Bd3 Bxf3 11. Qxf3 c6 12. c3 Re8 13. Bc2 Bd6 14. Bg5 h6
15. Bxf6 Nxf6 16. Nf1 Qa5 17. Ng3 Bxg3 18. Qxg3 Rad8 19. Bb3 Qf5 1/2-1/2

[Event "Bad Woerishofen Sen"]
[Site "Bad Woerishofen"]
[Date "2001.??.??"]
[Round "9"]
[White "Koenigl, Anton"]
[Black "Bakalarczyk, Wiodzimien"]
[Result "1/2-1/2"]
[WhiteElo "1741"]
[BlackElo "2000"]
[Annotator "ChessOrg"]
[PlyCount "72"]
[EventDate "1998.03.05"]
[Source "ChessBase"]
[SourceDate "1998.04.29"]

1. e4 c5 2. Nf3 e6 3. d4 cxd4 4. Nxd4 a6 5. Nc3 Qc7 6. Be2 Nf6 7. O-O Nc6 8.
Be3 Bb4 9. Nxc6 bxc6 10. Qd3 a5 11. f3 O-O 12. a3 Ba6 13. Qd1 Bxc3 14. bxc3
Bxe2 15. Qxe2 d5 16. Bc5 Rfb8 17. e5 Ne8 18. a4 Rb7 19. f4 g6 20. g4 Qd7 21.
Qf2 f5 22. h3 Qf7 23. Kh2 Rab8 24. Kg3 Qg7 25. Rg1 Qf7 26. Kh2 Rb2 27. Ba3 R2b7
28. Bc5 Nc7 29. Bd6 Ra8 30. g5 Na6 31. Rab1 Rc8 32. Rb6 Ra7 33. Rgb1 Qd7 34.
Qe2 Rca8 35. Qe3 Rc8 36. Qd3 Rca8 1/2-1/2

[Event "Bad Woerishofen Sen"]
[Site "Bad Woerishofen"]
[Date "2001.??.??"]
[Round "2"]
[White "Leschhorn, Heinrich"]
[Black "Wegener, Hans-Karl"]
[Result "1/2-1/2"]
[WhiteElo "1821"]
[BlackElo "2089"]
[Annotator "ChessOrg"]
[PlyCount "95"]
[EventDate "1998.03.05"]
[Source "ChessBase"]
[SourceDate "1998.04.29"]

1. Nf3 c5 2. c4 Nf6 3. g3 d5 4. Bg2 Nc6 5. b3 e6 6. O-O Be7 7. d3 Nd7 8. Bb2
Bf6 9. Bxf6 Qxf6 10. Nbd2 d4 11. Ne4 Qe7 12. e3 f5 13. Ned2 Nde5 14. Nxe5 Nxe5
15. exd4 cxd4 16. Nf3 Nxf3+ 17. Qxf3 O-O 18. Rfe1 a5 19. Qf4 Qf6 20. Re5 Rd8
21. Rae1 g5 22. Qd2 a4 23. b4 Ra6 24. b5 Ra7 25. f4 gxf4 26. Qxf4 b6 27. c5
bxc5 28. Rxc5 Rg7 29. b6 Bb7 30. Bxb7 Rxb7 31. Rc6 e5 32. Rxf6 exf4 33. Ree6
Rc8 34. Rc6 Rxc6 35. Rxc6 Kf8 36. Kf2 Ke8 37. Kf3 fxg3 38. hxg3 Kd7 39. Rh6 Kc8
40. Kf4 Rg7 41. Kxf5 Kb7 42. g4 Rf7+ 43. Ke4 Rf2 44. a3 Ra2 45. Kxd4 Rxa3 46.
Kc5 Rc3+ 47. Kb4 Rxd3 48. Kxa4 1/2-1/2

[Event "Bad Woerishofen Sen"]
[Site "Bad Woerishofen"]
[Date "2001.??.??"]
[Round "4"]
[White "Leschhorn, Heinrich"]
[Black "Thielemann, Joachim"]
[Result "1/2-1/2"]
[WhiteElo "1821"]
[BlackElo "2061"]
[Annotator "ChessOrg"]
[PlyCount "102"]
[EventDate "1998.03.05"]
[Source "ChessBase"]
[SourceDate "1998.04.29"]

1. Nf3 Nf6 2. c4 c5 3. g3 Nc6 4. Bg2 g6 5. O-O Bg7 6. Nc3 O-O 7. d3 d6 8. Bg5
h6 9. Bd2 e5 10. Qc1 Kh7 11. a3 Rb8 12. Rb1 a5 13. Nb5 Nd4 14. Nfxd4 cxd4 15.
b4 b6 16. bxa5 bxa5 17. a4 Bb7 18. f3 Bc6 19. Qa3 Ne8 20. Na7 Rxb1 21. Rxb1 Ba8
22. e3 f5 23. exd4 e4 24. dxe4 fxe4 25. fxe4 Bxd4+ 26. Be3 Bxa7 27. Bxa7 Qc7
28. Bb6 Qxc4 29. Rc1 Qe2 30. Qe3 Qxe3+ 31. Bxe3 g5 32. Bb6 Nf6 33. Bxa5 Bxe4
34. Rc7+ Kg6 35. Bc3 Bxg2 36. Kxg2 Ne4 37. Bd4 Kf5 38. a5 Ra8 39. Ra7 Rc8 40.
Rf7+ Ke6 41. Rf1 Rc2+ 42. Kg1 Ra2 43. Ra1 Rxa1+ 44. Bxa1 Nc5 45. Kf2 g4 46. Ke3
Kf5 47. Bc3 Ke6 48. Kf4 h5 49. Be1 Kd5 50. Kg5 Ke4 51. Kxh5 Kf3 1/2-1/2

[Event "Bad Woerishofen Sen"]
[Site "Bad Woerishofen"]
[Date "2001.??.??"]
[Round "6"]
[White "Leschhorn, Heinrich"]
[Black "Malik, Heinz"]
[Result "1-0"]
[WhiteElo "1821"]
[BlackElo "1700"]
[Annotator "ChessOrg"]
[PlyCount "87"]
[EventDate "1998.03.05"]
[Source "ChessBase"]
[SourceDate "1998.04.29"]

1. Nf3 Nf6 2. c4 c5 3. g3 g6 4. Bg2 Bg7 5. O-O Nc6 6. Nc3 O-O 7. d3 d6 8. Bg5
h6 9. Bd2 e5 10. Rb1 Rb8 11. a3 Be6 12. Qc1 Kh7 13. b4 a6 14. bxc5 dxc5 15. Na4
Nd7 16. Re1 Qc7 17. Nc3 Nf6 18. e4 Nd4 19. Nxd4 cxd4 20. Nd5 Qd8 21. f4 Ng8 22.
Rb3 b5 23. cxb5 Rxb5 24. Rxb5 axb5 25. Bb4 Re8 26. Nc7 Qd7 27. Nxe8 Qxe8 28.
Qc5 Bd7 29. Rf1 h5 30. f5 f6 31. h3 Nh6 32. fxg6+ Kxg6 33. Kh2 Qe6 34. Qd6 f5
35. exf5+ Nxf5 36. Be4 Qxd6 37. Bxd6 Kg5 38. h4+ Kf6 39. Be7+ Kxe7 40. Bxf5 Be6
41. Bxe6 Kxe6 42. Rb1 Bf8 43. Rxb5 Bxa3 44. Kh3 1-0

[Event "Bad Woerishofen Sen"]
[Site "Bad Woerishofen"]
[Date "2001.??.??"]
[Round "7"]
[White "Leschhorn, Heinrich"]
[Black "Helmsen, Franz"]
[Result "1/2-1/2"]
[WhiteElo "1821"]
[BlackElo "2159"]
[Annotator "ChessOrg"]
[PlyCount "73"]
[EventDate "1998.03.05"]
[Source "ChessBase"]
[SourceDate "1998.04.29"]

1. Nf3 Nf6 2. c4 e6 3. g3 b6 4. Bg2 Bb7 5. O-O Be7 6. Nc3 O-O 7. d3 d6 8. Bg5
Nbd7 9. Rb1 c5 10. a3 Re8 11. Re1 h6 12. Bd2 Nf8 13. b4 N6d7 14. e4 Bf6 15. Nb5
Be7 16. Bf4 e5 17. Be3 Ne6 18. Nc3 Nd4 19. Nd5 Bxd5 20. exd5 Rf8 21. h4 Nf6 22.
Nh2 Nh7 23. f4 f6 24. Bh3 Kh8 25. Bxd4 exd4 26. Rf1 Qe8 27. h5 Bd8 28. Be6 Qe7
29. Nf3 Re8 30. Nh4 Nf8 31. f5 Qc7 32. Ng6+ Kh7 33. Qg4 Be7 34. Rbc1 Reb8 35.
Rc2 a5 36. b5 Ra7 37. Rd1 1/2-1/2

[Event "Bad Woerishofen Sen"]
[Site "Bad Woerishofen"]
[Date "2001.??.??"]
[Round "9"]
[White "Leschhorn, Heinrich"]
[Black "Wolf, Alfred"]
[Result "1-0"]
[WhiteElo "1821"]
[BlackElo "1762"]
[Annotator "ChessOrg"]
[PlyCount "53"]
[EventDate "1998.03.05"]
[Source "ChessBase"]
[SourceDate "1998.04.29"]

1. Nf3 g6 2. c4 Bg7 3. g3 d6 4. Bg2 e5 5. d3 Nc6 6. Nc3 Nge7 7. O-O O-O 8. Rb1
Nd4 9. e3 Nxf3+ 10. Bxf3 c6 11. b4 f5 12. Bb2 Be6 13. Qe2 Rc8 14. Rfd1 d5 15.
cxd5 cxd5 16. d4 e4 17. Bg2 Qd7 18. f4 Rc4 19. a3 Rfc8 20. Qd2 a6 21. Bf1 R4c7
22. b5 Ra8 23. Na4 Bf7 24. Nb6 Qd8 25. Nxa8 Qxa8 26. Rdc1 Rd7 27. Qa5 1-0

[Event "Bad Woerishofen Sen"]
[Site "Bad Woerishofen"]
[Date "2001.??.??"]
[Round "1"]
[White "Malik, Heinz"]
[Black "Bakalarczyk, Wiodzimien"]
[Result "0-1"]
[WhiteElo "1700"]
[BlackElo "2000"]
[Annotator "ChessOrg"]
[PlyCount "72"]
[EventDate "1998.03.05"]
[Source "ChessBase"]
[SourceDate "1998.04.29"]

1. d4 Nf6 2. c4 g6 3. Nc3 Bg7 4. e4 d6 5. Nf3 O-O 6. Be3 h6 7. Bd3 Nbd7 8. O-O
e5 9. d5 Ne8 10. Qd2 Kh7 11. h3 f5 12. g3 Nc5 13. Bxc5 dxc5 14. exf5 gxf5 15.
Nh4 Qg5 16. Qxg5 hxg5 17. Ng2 Nd6 18. f3 Kg8 19. Rae1 Bd7 20. g4 a6 21. Ne3 f4
22. Ned1 b5 23. b3 bxc4 24. bxc4 Rab8 25. Ne4 Nxe4 26. Bxe4 Kf7 27. Rf2 Rh8 28.
Rh2 Rh6 29. Nc3 Rhb6 30. Bd3 Bf6 31. Rb1 Rxb1+ 32. Bxb1 e4 33. Nxe4 Rxb1+ 34.
Kg2 Bd4 35. Nf2 Rb2 36. Kf1 Rxa2 0-1

[Event "Bad Woerishofen Sen"]
[Site "Bad Woerishofen"]
[Date "2001.??.??"]
[Round "3"]
[White "Malik, Heinz"]
[Black "Hennig, Manfred"]
[Result "1/2-1/2"]
[WhiteElo "1700"]
[BlackElo "1454"]
[Annotator "ChessOrg"]
[PlyCount "62"]
[EventDate "1998.03.05"]
[Source "ChessBase"]
[SourceDate "1998.04.29"]

1. d4 d5 2. c4 c6 3. Nc3 e6 4. Nf3 Nf6 5. Bg5 Be7 6. e3 Nbd7 7. Rc1 Nb6 8. b3
Bb4 9. c5 Nbd7 10. Bd3 h6 11. Bh4 g5 12. Bg3 Ne4 13. Bxe4 dxe4 14. Nd2 f5 15.
Qh5+ Kf8 16. Bd6+ Kg7 17. Nc4 Qe8 18. Qd1 Rh7 19. a3 Bxc3+ 20. Rxc3 Kg8 21. b4
Nf6 22. Ne5 Nd7 23. f3 Nxe5 24. Bxe5 exf3 25. Qxf3 Qf7 26. O-O Qg6 27. Qe2 Rf7
28. Rf2 Bd7 29. Rc1 Re8 30. Rcf1 a6 31. g3 g4 1/2-1/2

[Event "Bad Woerishofen Sen"]
[Site "Bad Woerishofen"]
[Date "2001.??.??"]
[Round "5"]
[White "Malik, Heinz"]
[Black "Bareth, Walter"]
[Result "1/2-1/2"]
[WhiteElo "1700"]
[BlackElo "1876"]
[Annotator "ChessOrg"]
[PlyCount "41"]
[EventDate "1998.03.05"]
[Source "ChessBase"]
[SourceDate "1998.04.29"]

1. Nf3 d5 2. d4 Bf5 3. c4 e6 4. Nc3 c6 5. e3 Nf6 6. Be2 Nbd7 7. O-O Bd6 8. c5
Bc7 9. Nh4 Bg6 10. Nxg6 hxg6 11. f4 g5 12. Bd2 Qe7 13. b4 gxf4 14. exf4 g5 15.
g3 gxf4 16. Bxf4 e5 17. dxe5 Bxe5 18. Bxe5 Qxe5 19. Qd3 Ne4 20. Nxe4 dxe4 21.
Qe3 1/2-1/2

[Event "Bad Woerishofen Sen"]
[Site "Bad Woerishofen"]
[Date "2001.??.??"]
[Round "7"]
[White "Malik, Heinz"]
[Black "Hartmann, Rudi"]
[Result "1/2-1/2"]
[WhiteElo "1700"]
[BlackElo "1740"]
[Annotator "ChessOrg"]
[PlyCount "113"]
[EventDate "1998.03.05"]
[Source "ChessBase"]
[SourceDate "1998.04.29"]

1. Nf3 d5 2. d4 Nf6 3. c4 e6 4. Bg5 Be7 5. Nc3 c6 6. e3 O-O 7. Bd3 Nbd7 8. O-O
dxc4 9. Bxc4 Nd5 10. Bxe7 Qxe7 11. Rc1 Nxc3 12. bxc3 e5 13. Qc2 e4 14. Nd2 Nf6
15. Rce1 Bf5 16. Be2 Rfe8 17. c4 Rad8 18. Qc3 Qc7 19. f3 Bg6 20. fxe4 Nxe4 21.
Nxe4 Bxe4 22. Bf3 Re7 23. Bxe4 Rxe4 24. Rf3 Rde8 25. a3 Qe7 26. c5 h6 27. a4
Qe6 28. a5 a6 29. Kf2 g5 30. h3 f5 31. Ke2 Kh7 32. Kd3 Kg6 33. Kd2 Qa2+ 34. Qc2
Qxa5+ 35. Kd1 Rxd4+ 36. Ke2 Qb5+ 37. Kf2 Qd3 38. Re2 Qxc2 39. Rxc2 Rd5 40. g4
Ree5 41. gxf5+ Rxf5 42. e4 Rxf3+ 43. Kxf3 Re5 44. Rb2 Re7 45. Rd2 h5 46. Rd4
Kf6 47. Rd6+ Ke5 48. Rg6 g4+ 49. hxg4 hxg4+ 50. Ke3 a5 51. Rxg4 a4 52. Rg5+ Kf6
53. Rg8 a3 54. Ra8 Rh7 55. Kd4 Rh3 56. Ra7 Rb3 57. Ra8 1/2-1/2